000
00260nam a2200109Ia 4500
008
220204s9999 xx 000 0 und d
082
_a
82-3
_b
COL
100
_a
Coleman, Lonnie
245
0
_a
Look away, Beulah land
260
_a
London
_b
Arrow
_c
1977
942
_c
BK
999
_c
32735
_d
32735